Quiz sui 10 Paesi più estesi d'Europa - Statistics

Statistiche generali
  • Questo quiz è stato fatto 82 volte
  • Il punteggio medio è 55 su 100
Statistiche sulle risposte
Domanda Casella Select % Corretto
Quali tra i 10 Paesi più estesi d'Europa rientrano anche nei 10 Paesi più popolosi d'Europa? Russia
93%
Quali tra i 10 Paesi più estesi d'Europa rientrano anche nei 10 Paesi più popolosi d'Europa? Finlandia No
89%
Quali tra i 10 Paesi più estesi d'Europa rientrano anche nei 10 Paesi più popolosi d'Europa? Norvegia No
89%
In quali tra i 10 Paesi più estesi d'Europa si trovano aeroporti con un traffico di passeggeri superiore ai 40 milioni di persone annue (2017)? Ucraina No
87%
In quali tra i 10 Paesi più estesi d'Europa si trovano aeroporti con un traffico di passeggeri superiore ai 40 milioni di persone annue (2017)? Polonia No
86%
In quali tra i 10 Paesi più estesi d'Europa si trovano aeroporti con un traffico di passeggeri superiore ai 40 milioni di persone annue (2017)? Finlandia No
84%
In quali tra i 10 Paesi più estesi d'Europa si trovano aeroporti con un traffico di passeggeri superiore ai 40 milioni di persone annue (2017)? Norvegia No
84%
In quali tra i 10 Paesi più estesi d'Europa si trovano aeroporti con un traffico di passeggeri superiore ai 40 milioni di persone annue (2017)? Svezia No
84%
Quali tra i 10 Paesi più estesi d'Europa furono i vincitori della Prima Guerra Mondiale? Germania No
81%
Quali tra i 10 Paesi più estesi d'Europa furono i vincitori della Prima Guerra Mondiale? Ucraina No
81%
Quali tra i 10 Paesi più estesi d'Europa furono i vincitori della Prima Guerra Mondiale? Finlandia No
80%
Quali tra i 10 Paesi più estesi d'Europa rientrano anche nei 10 Paesi più popolosi d'Europa? Svezia No
80%
Quali tra i 10 Paesi più estesi d'Europa rientrano anche nei 10 Paesi più popolosi d'Europa? Francia
79%
Quali tra i 10 Paesi più estesi d'Europa rientrano anche nei 10 Paesi più popolosi d'Europa? Germania
79%
Quali tra i 10 Paesi più estesi d'Europa furono i vincitori della Prima Guerra Mondiale? Norvegia No
79%
Quali tra i 10 Paesi più estesi d'Europa furono i vincitori della Prima Guerra Mondiale? Svezia No
79%
In quali tra i 10 Paesi più estesi d'Europa l'aspettativa di vita supera gli 82 anni? Ucraina No
79%
In quali tra i 10 Paesi più estesi d'Europa si trovano aeroporti con un traffico di passeggeri superiore ai 40 milioni di persone annue (2017)? Germania
77%
Quali dei 10 Paesi più estesi d'Europa hanno subito almeno un attacco terroristico attribuito all'ISIS? Norvegia No
76%
Quali dei 10 Paesi più estesi d'Europa hanno adottato l'Euro? Russia No
76%
In quali tra i 10 Paesi più estesi d'Europa l'aspettativa di vita supera gli 82 anni? Russia No
76%
Quali tra i 10 Paesi più estesi d'Europa furono i vincitori della Prima Guerra Mondiale? Spagna No
76%
In quali tra i 10 Paesi più estesi d'Europa si trovano aeroporti con un traffico di passeggeri superiore ai 40 milioni di persone annue (2017)? Francia
74%
Quali dei 10 Paesi più estesi d'Europa hanno subito almeno un attacco terroristico attribuito all'ISIS? Francia
74%
Quali tra i 10 Paesi più estesi d'Europa furono i vincitori della Prima Guerra Mondiale? Polonia No
74%
Quali tra i 10 Paesi più estesi d'Europa furono i vincitori della Prima Guerra Mondiale? Francia
73%
Quali dei 10 Paesi più estesi d'Europa hanno adottato l'Euro? Ucraina No
73%
Quali dei 10 Paesi più estesi d'Europa hanno subito almeno un attacco terroristico attribuito all'ISIS? Ucraina No
73%
Quali dei 10 Paesi più estesi d'Europa hanno adottato l'Euro? Francia
71%
Quali tra i 10 Paesi più estesi d'Europa rientrano anche nei 10 Paesi più popolosi d'Europa? Italia
71%
Quali dei 10 Paesi più estesi d'Europa hanno adottato l'Euro? Italia
71%
Quali dei 10 Paesi più estesi d'Europa hanno adottato l'Euro? Norvegia No
71%
Quali dei 10 Paesi più estesi d'Europa hanno subito almeno un attacco terroristico attribuito all'ISIS? Polonia No
71%
Quali dei 10 Paesi più estesi d'Europa hanno adottato l'Euro? Germania
70%
In quali tra i 10 Paesi più estesi d'Europa l'aspettativa di vita supera gli 82 anni? Polonia No
70%
Le capitali di quali dei 10 Paesi più estesi d'Europa si trovano all'interno del triangolo con vertici le città di Reykjavik, Teheran e Il Cairo? Spagna No
69%
Quali dei 10 Paesi più estesi d'Europa hanno adottato l'Euro? Spagna
69%
Le capitali di quali dei 10 Paesi più estesi d'Europa si trovano all'interno del triangolo con vertici le città di Reykjavik, Teheran e Il Cairo? Finlandia No
67%
Quali dei 10 Paesi più estesi d'Europa hanno subito almeno un attacco terroristico attribuito all'ISIS? Italia No
67%
In quali tra i 10 Paesi più estesi d'Europa si trovano aeroporti con un traffico di passeggeri superiore ai 40 milioni di persone annue (2017)? Italia
66%
In quali tra i 10 Paesi più estesi d'Europa l'aspettativa di vita supera gli 82 anni? Italia
66%
In quali tra i 10 Paesi più estesi d'Europa si trovano aeroporti con un traffico di passeggeri superiore ai 40 milioni di persone annue (2017)? Russia
66%
Quali tra i 10 Paesi più estesi d'Europa rientrano anche nei 10 Paesi più popolosi d'Europa? Spagna
66%
Le capitali di quali dei 10 Paesi più estesi d'Europa si trovano all'interno del triangolo con vertici le città di Reykjavik, Teheran e Il Cairo? Russia No
63%
Quali dei 10 Paesi più estesi d'Europa hanno subito almeno un attacco terroristico attribuito all'ISIS? Germania
61%
Quali tra i 10 Paesi più estesi d'Europa furono i vincitori della Prima Guerra Mondiale? Italia
61%
Quali dei 10 Paesi più estesi d'Europa hanno adottato l'Euro? Svezia No
61%
In quali tra i 10 Paesi più estesi d'Europa la prostituzione è lecita? Francia No
60%
Le capitali di quali dei 10 Paesi più estesi d'Europa hanno una longitudine compresa tra quella di Città del Capo e Pretoria? Russia No
60%
In quali tra i 10 Paesi più estesi d'Europa si trovano aeroporti con un traffico di passeggeri superiore ai 40 milioni di persone annue (2017)? Spagna
60%
Da quali dei 10 Paesi più estesi d'Europa potrei partire, sapendo che devo arrivare in Grecia attraversando come massimo altri 4 Paesi? Spagna No
59%
Da quali dei 10 Paesi più estesi d'Europa potrei partire, sapendo che devo arrivare in Grecia attraversando come massimo altri 4 Paesi? Francia No
57%
Le capitali di quali dei 10 Paesi più estesi d'Europa hanno una longitudine compresa tra quella di Città del Capo e Pretoria? Spagna No
57%
In quali tra i 10 Paesi più estesi d'Europa la prostituzione è lecita? Norvegia No
54%
Le capitali di quali dei 10 Paesi più estesi d'Europa si trovano all'interno del triangolo con vertici le città di Reykjavik, Teheran e Il Cairo? Svezia No
53%
Le capitali di quali dei 10 Paesi più estesi d'Europa hanno una longitudine compresa tra quella di Città del Capo e Pretoria? Ucraina No
53%
Le capitali di quali dei 10 Paesi più estesi d'Europa hanno una longitudine compresa tra quella di Città del Capo e Pretoria? Francia No
51%
In quali tra i 10 Paesi più estesi d'Europa la prostituzione è lecita? Svezia No
51%
In quali tra i 10 Paesi più estesi d'Europa la prostituzione è lecita? Ucraina No
51%
In quali tra i 10 Paesi più estesi d'Europa l'aspettativa di vita supera gli 82 anni? Francia
50%
Le capitali di quali dei 10 Paesi più estesi d'Europa hanno una longitudine compresa tra quella di Città del Capo e Pretoria? Norvegia No
50%
Quali tra i 10 Paesi più estesi d'Europa furono i vincitori della Prima Guerra Mondiale? Russia
49%
Quali dei 10 Paesi più estesi d'Europa hanno subito almeno un attacco terroristico attribuito all'ISIS? Spagna
49%
Le capitali di quali dei 10 Paesi più estesi d'Europa si trovano all'interno del triangolo con vertici le città di Reykjavik, Teheran e Il Cairo? Germania
47%
In quali tra i 10 Paesi più estesi d'Europa l'aspettativa di vita supera gli 82 anni? Finlandia No
46%
Da quali dei 10 Paesi più estesi d'Europa potrei partire, sapendo che devo arrivare in Grecia attraversando come massimo altri 4 Paesi? Italia
46%
Le capitali di quali dei 10 Paesi più estesi d'Europa hanno una longitudine compresa tra quella di Città del Capo e Pretoria? Svezia No
44%
Quali tra i 10 Paesi più estesi d'Europa rientrano anche nei 10 Paesi più popolosi d'Europa? Ucraina
43%
Le capitali di quali dei 10 Paesi più estesi d'Europa si trovano all'interno del triangolo con vertici le città di Reykjavik, Teheran e Il Cairo? Ucraina
43%
Le capitali di quali dei 10 Paesi più estesi d'Europa si trovano all'interno del triangolo con vertici le città di Reykjavik, Teheran e Il Cairo? Francia No
41%
In quali tra i 10 Paesi più estesi d'Europa la prostituzione è lecita? Russia No
41%
In quali tra i 10 Paesi più estesi d'Europa l'aspettativa di vita supera gli 82 anni? Spagna
41%
In quali tra i 10 Paesi più estesi d'Europa l'aspettativa di vita supera gli 82 anni? Svezia
41%
In quali tra i 10 Paesi più estesi d'Europa l'aspettativa di vita supera gli 82 anni? Norvegia No
40%
Le capitali di quali dei 10 Paesi più estesi d'Europa si trovano all'interno del triangolo con vertici le città di Reykjavik, Teheran e Il Cairo? Polonia
40%
Quali dei 10 Paesi più estesi d'Europa hanno adottato l'Euro? Polonia No
40%
In quali tra i 10 Paesi più estesi d'Europa la prostituzione è lecita? Germania
36%
Quali tra i 10 Paesi più estesi d'Europa rientrano anche nei 10 Paesi più popolosi d'Europa? Polonia
36%
Da quali dei 10 Paesi più estesi d'Europa potrei partire, sapendo che devo arrivare in Grecia attraversando come massimo altri 4 Paesi? Ucraina
34%
Quali dei 10 Paesi più estesi d'Europa hanno adottato l'Euro? Finlandia
33%
Le capitali di quali dei 10 Paesi più estesi d'Europa hanno una longitudine compresa tra quella di Città del Capo e Pretoria? Germania No
33%
Le capitali di quali dei 10 Paesi più estesi d'Europa si trovano all'interno del triangolo con vertici le città di Reykjavik, Teheran e Il Cairo? Italia No
33%
Le capitali di quali dei 10 Paesi più estesi d'Europa hanno una longitudine compresa tra quella di Città del Capo e Pretoria? Italia No
31%
Da quali dei 10 Paesi più estesi d'Europa potrei partire, sapendo che devo arrivare in Grecia attraversando come massimo altri 4 Paesi? Polonia
31%
In quali tra i 10 Paesi più estesi d'Europa l'aspettativa di vita supera gli 82 anni? Germania No
30%
Le capitali di quali dei 10 Paesi più estesi d'Europa hanno una longitudine compresa tra quella di Città del Capo e Pretoria? Polonia
27%
Da quali dei 10 Paesi più estesi d'Europa potrei partire, sapendo che devo arrivare in Grecia attraversando come massimo altri 4 Paesi? Germania
26%
Da quali dei 10 Paesi più estesi d'Europa potrei partire, sapendo che devo arrivare in Grecia attraversando come massimo altri 4 Paesi? Russia
26%
Le capitali di quali dei 10 Paesi più estesi d'Europa si trovano all'interno del triangolo con vertici le città di Reykjavik, Teheran e Il Cairo? Norvegia
24%
In quali tra i 10 Paesi più estesi d'Europa la prostituzione è lecita? Polonia
24%
Quali dei 10 Paesi più estesi d'Europa hanno subito almeno un attacco terroristico attribuito all'ISIS? Russia
23%
Quali dei 10 Paesi più estesi d'Europa hanno subito almeno un attacco terroristico attribuito all'ISIS? Svezia
23%
In quali tra i 10 Paesi più estesi d'Europa la prostituzione è lecita? Finlandia
21%
In quali tra i 10 Paesi più estesi d'Europa la prostituzione è lecita? Spagna
19%
Le capitali di quali dei 10 Paesi più estesi d'Europa hanno una longitudine compresa tra quella di Città del Capo e Pretoria? Finlandia
16%
Da quali dei 10 Paesi più estesi d'Europa potrei partire, sapendo che devo arrivare in Grecia attraversando come massimo altri 4 Paesi? Finlandia
14%
In quali tra i 10 Paesi più estesi d'Europa la prostituzione è lecita? Italia
11%
Da quali dei 10 Paesi più estesi d'Europa potrei partire, sapendo che devo arrivare in Grecia attraversando come massimo altri 4 Paesi? Norvegia
10%
Da quali dei 10 Paesi più estesi d'Europa potrei partire, sapendo che devo arrivare in Grecia attraversando come massimo altri 4 Paesi? Svezia
10%
Quali dei 10 Paesi più estesi d'Europa hanno subito almeno un attacco terroristico attribuito all'ISIS? Finlandia
3%
Nessun quiz corrispondente trovato
Distribuzione punteggi
Percentuale di utenti per punteggio
Percentile per numero di risposta
I tuoi punteggi nel tempo
Non hai fatto questo quiz